Journal of Sufi studies.
Saved in:
| Format: | Journal |
|---|---|
| Language: | English |
| Published: |
Leiden ; Boston :
Brill,
2012-
|
| Subjects: | |
| Tags: |
Add Tag
No Tags, Be the first to tag this record!
|
| LEADER | 00829cas a2200301 a 4500 | ||
|---|---|---|---|
| 001 | 012995754-2 | ||
| 005 | 20150121140104.0 | ||
| 008 | 120507c20129999ne fr p 0 0eng | ||
| 010 | |a 2012213469 | ||
| 022 | |a 2210-5948 | ||
| 035 | 0 | |a ocn793201360 | |
| 040 | |a DLC |b eng |c DLC |d OCLCF |d OCLCO | ||
| 041 | 0 | |a eng |b fre | |
| 042 | |a pcc | ||
| 050 | 0 | 0 | |a BP188.45 |b J68 |
| 245 | 0 | 0 | |a Journal of Sufi studies. |
| 260 | |a Leiden ; |a Boston : |b Brill, |c 2012- | ||
| 300 | |a v. ; |c 24 cm. | ||
| 310 | |a Three times a year | ||
| 362 | 0 | |a Vol. 1 (2012)- | |
| 546 | |a Summaries in English and French. | ||
| 580 | |a Also issued online. | ||
| 588 | |a Description based on: Vol. 1 (2012); title from title page. | ||
| 650 | 0 | |a Sufism |v Periodicals. | |
| 650 | 7 | |a Sufism. |2 fast | |
| 655 | 7 | |a Periodicals. |2 fast | |
| 988 | |a 20111208 | ||
| 906 | |0 DLC | ||


